00743nam a2200241 a 45000050016000000080041000160100014000570200026000710350013000970350013001100370015001230400018001380820008001561000019001642450082001832600036002652700056003013000033003575000045003906500024004357000021004597000021004802009051804374.0931110s1994 fluaf b 001 0 eng  aENG-93575 a9788180940378c240.00 aEN-77108 aG-001286 bDBAD / PUB adplbEnglish  a630 aNirmala, C.B.  aPlant biotechnology /cby C.B. Nirmala, G. Rajalakshmi [and] Chandra Karthik  aChennai bMJP Publishers c2009 a47, Nallathambi Street, TriplicanebChennaie600005 axx, 381p.:c22cm(pbk) bill. aIncludes glossary, references and index  aPlant biotechnology aRajalakshmi, G.  aChandra Karthick